000
00316nam a22001457a 4500
008
210604b ||||| |||| 00| 0 eng d
020
_a
9780131502932
041
_a
eng
080
_2
2nd
_a
573
082
_a
573
100
_a
11
101
_a
BIO
245
_a
Biological Science
_c
Scott Freeman
942
_2
udc
_c
BK
999
_c
57964
_d
57964